=LDR 00000nam 2200000 4500 =001 NUTBA000000000004211 =005 20140904152316.0 =006 =007 =008 =035 ##$$a 0010-091400000000244 =082 ##$$a341.754 =100 ##$$aTUKIRIN SY SASTRORESONO =245 ##$$aHUKUM DAGANG DAN PERDATA =260 ##$$a JAKARTA $b UNIVERSITAS INDONESIA $c 1987 =300 ##$$a 961 HLM $c 25 CM =850 ##$$aNBPNMAT =990 ##$$a 0001/BPAP-NTB/20142014